AEW: Fight Forever Roster - Statistics

General Stats
  • This quiz has been taken 47 times
  • The average score is 41 of 68
Answer Stats
Wrestler % Correct
Kenny Omega
94%
Penta El Zero M
94%
Adam Page
89%
Matt Jackson
89%
Nick Jackson
89%
Jon Moxley
86%
Rey Fenix
86%
CM Punk
83%
Cody Rhodes
83%
Adam Cole
81%
Brodie Lee
81%
Darby Allin
81%
MJF
81%
Orange Cassidy
81%
Chris Jericho
78%
Christian Cage
78%
Keith Lee
78%
Dr. Britt Baker, D.M.D.
75%
Samoa Joe
75%
Adam Copeland
72%
Sammy Guevara
72%
Swerve Strickland
72%
Brian Cage
69%
Cash Wheeler
69%
Sting
69%
Hook
67%
Toni Storm
67%
Bryan Danielson
64%
Claudio Castagnoli
64%
Dustin Rhodes
64%
Dax Harwood
61%
Hikaru Shida
61%
Jeff Hardy
61%
Jungle Boy
61%
Luchasaurus
61%
Matt Hardy
61%
Nyla Rose
61%
Pac
61%
Miro
58%
Riho
58%
Scorpio Sky
58%
Powerhouse Hobbs
56%
Anthony Bowens
53%
Max Caster
53%
Wardlow
53%
Jay White
50%
Malakai Black
50%
Paul Wight
50%
Chuck Taylor
47%
Jade Cargill
47%
Kris Statlander
47%
Owen Hart
47%
Ricky Starks
47%
Trent Beretta
47%
Thunder Rosa
42%
Danhausen
39%
Jamie Hayter
39%
Anna Jay
36%
Lance Archer
33%
Ruby Soho
33%
Tay Melo
33%
Andrade El Idolo
31%
Eddie Kingston
31%
Abadon
28%
Aubrey Edwards
25%
John Silver
25%
The Bunny
22%
Yuka Sakazaki
14%
No matching quizzes found
Score Distribution
Percent of People with Each Score
Percentile by Number Answered
Your Score History
You have not taken this quiz